000 00452nam a2200169Ia 4500
008 241115s9999 xx 000 0 und d
020 _aNA
082 _a515.35 ZIL
100 _aZill, Dennis G.
245 0 _aDifferential Equations: with boundary value problems
250 _a3rd ed.
260 _aCalifornia:
_bcengage learning
_c,2000.
300 _axiv,775p.
600 _aHumanities & Natural Science
650 _aMathematics
942 _cBBD
999 _c26961
_d26961